Normal view
MARC view
- Calculus
Entry Topical Term
001 - CONTROL NUMBER
- control field: 113429
003 - CONTROL NUMBER IDENTIFIER
- control field: NUST
005 - DATE AND TIME OF LATEST TRANSACTION
- control field: 20230706130706.0
008 - FIXED-LENGTH DATA ELEMENTS
- fixed length control field: 230706|| aca||aabn | a|a d
040 ## - CATALOGING SOURCE
- Original cataloging agency: NUST
- Transcribing agency: NUST
150 ## - HEADING--TOPICAL TERM
- Topical term or geographic name entry element: Calculus
- Topical term or geographic name entry element: Calculus
670 ## - SOURCE DATA FOUND
- Source citation: Work cat.: (NUST)193396: Froberg, Carl-Erik 113428, Introduction to numerical analysis / , 1969
